Culture Générale - Série 2161 - Statistiques

Statistiques générales
  • Ce quiz a été pris 98 fois
  • Le résultat moyen est 5 sur 10
Statistiques - réponses
Question Réponse % Correct
A quel pays appartient l'île de Pâques ? voir photo Chili
91%
Dans quel pays se trouve la ville de Winnipeg ? Canada
80%
Dans quel pays se trouve la ville de Nazca, connue surtout pour ses géoglyphes ? Pérou
78%
Quel nom portait le bateau d'Alain Colas et qui est le titre d'une chanson d'Alain Chamfort ? Manureva
75%
Comment appelle-t-on la coupe dont se serait servi Jésus le soir de la Cène ? graal
54%
Dans le langage populaire, "avoir peur" : c'est "avoir les ... - 5 lettres commençant par " f " foies
51%
Comment s'appelle la ville de l'état du Nouveau Mexique aux Etats Unis près de laquelle un OVNI se serait écrasé le 4 juillet 1947 ? Roswell
40%
Dans le langage populaire, "avoir peur" : c'est "avoir les ... - 6 lettres commençant par " j " jetons
29%
Quel est le prénom de San-Antonio de Frédéric Dard ? Antoine
16%
Etoffe légère, ajourée et transparente, faite de fil de coton, lin, laine ou soie, quelquefois d’or ou d’argent gaze
4%
Aucun quiz correspondant
Distribution des résultats
% des personnes avec chaque résultat
Percentile par nombre de réponses
Votre historique - résultats
Vous n’avez pas pris ce quiz